Vui học cùng phụ âm thấp

Gespeichert in:
Bibliographische Detailangaben
Format: Buch
Tags: Tag hinzufügen
Keine Tags, Fügen Sie den ersten Tag hinzu!
Thư viện lưu trữ: Mạng thư viện Đại học Đà Nẵng
LEADER 00414nam a22001691a 4500
001 000036695
003 12990
005 20160412012710.0
008 160412s0 000
082 |a 4T(07)85 
245 |a Vui học cùng phụ âm thấp  |c Narabodee 
OWN |a LNN 
999 |a From the UDN01 
TYP |a Monograph 
980 |a Mạng thư viện Đại học Đà Nẵng